000 01216cam a22002054a 4500
005 20250605164002.0
008 250528s ||||||||||||||||||||||||d
035 _a15670
020 _a13898008
040 _aGR-AtMCL
_bgre
_dGR-AtMCL
_eAACR2
245 1 _aTechnical Analysis of the Futures Markets / A Comprehensive Guide to Trading Methods and Applications
260 _c1986
300 _a558
520 _aIntroduction, Acknowledgements, Philosophy of Technical Analysis, Dow Theory, Chart Construction, Basic Concepts of Trend, Major Reversal Patterns, Continuation Patterns, Volume and Open Interest, Long-Term Charts and Commodity Indices, Moving Averages, Oscillators and Contrary Opinion, Intra-Day Point and Figure Charting, Three-Box Reversal and Optimized Point and Figure Charting, Elliot Wave Theory, Time Cycles, Computers and Trading Systems, Money Management and Trading Tactics, Pulling It Alll Together - A Checklist, Spread Trading and Relative Strength, The Trading of Options, W. D. Gann: Geometric Angles and Percentages, Bibliography, Index.
700 1 _aMurphy John J
_91635
942 _cBK
710 2 _aNew York Institute Of Finance
_99721
999 _c1233
_d1233